[Event "RUS-ch Blitz (Women)"]
[Site "Sochi"]
[Date "2021.10.11"]
[Round "7"]
[White "Samigullina, Diana"]
[Black "Charochkina, Daria"]
[Result "0-1"]
[WhiteElo "2161"]
[BlackElo "2327"]
[PlyCount "105"]
[EventDate "2021.10.11"]
[EventType "swiss (blitz)"]
[EventRounds "13"]
[EventCountry "RUS"]
[SourceTitle "CBM 204 Extra"]
[Source "ChessBase"]
[SourceDate "2021.11.30"]
[SourceVersion "1"]
[SourceVersionDate "2021.11.30"]
[SourceQuality "1"]

1. d4 d6 2. Nf3 Nf6 3. Bf4 g6 4. e3 Bg7 5. h3 0-0 6. Be2 b6 7. c3 Bb7 8. Nbd2 c5 9. 0-0 Nc6 10. a4 Re8 11. Bh2 a6 12. Qb3 Na5 13. Qa3 Nd7 14. b4 cxb4 15. cxb4 Nc6 16. Rac1 a5 17. b5 Nb4 18. Bc4 e5 19. dxe5 dxe5 20. Rfd1 Qe7 21. Nf1 Nc5 22. Bg3 Bxf3 23. gxf3 Rad8 24. e4 h5 25. h4 Rd4 26. Ne3 Red8 27. Nd5 Nxd5 28. exd5 Qf6 29. Re1 Re8 30. Kg2 e4 31. f4 Rd2 32. Qe3 Qb2 33. Rcd1 Rc2 34. Bf1 Rc3 35. Qe2 Qb4 36. d6 Nd3 37. Rxd3 Rxd3 38. Qxd3 Qc5 39. Qe3 Qxd6 40. Rc1 Bd4 41. Qe2 e3 42. f5 Qd5+ 43. Qf3 Qa2 44. Rd1 Bc5 45. Re1 Re5 46. Kh1 Rxf5 47. Qa8+ Kg7 48. fxe3 Qd2 49. Qg2 Qc3 50. Re2 Bxe3 51. Rc2 Qa1 52. Kh2 Rxf1 53. Be5+ 0-1

[Event "RUS-ch blitz (Women)"]
[Site "Sochi"]
[Date "2019.10.17"]
[Round "3"]
[White "Shafigullina, Zarina"]
[Black "Samigullina, Diana"]
[Result "1/2-1/2"]
[WhiteElo "2295"]
[BlackElo "2161"]
[PlyCount "332"]
[EventDate "2019.10.17"]
[EventType "swiss (blitz)"]
[EventRounds "15"]
[EventCountry "RUS"]
[SourceTitle "CBM 192 Extra"]
[Source "Chessbase"]
[SourceDate "2019.11.06"]
[SourceVersion "1"]
[SourceVersionDate "2019.11.06"]
[SourceQuality "1"]

1. d4 Nf6 2. Nf3 d5 3. c4 c6 4. g3 Bf5 5. Nc3 e6 6. Nh4 Be4 7. f3 Bg6 8. Nxg6 hxg6 9. Qb3 Qb6 10. c5 Qc7 11. Bg2 Nbd7 12. Bf4 Qc8 13. Qc2 Nh5 14. Bd2 e5 15. e3 Be7 16. b4 a6 17. Kf2 0-0 18. Ne2 f5 19. dxe5 Nxe5 20. Bc3 Bf6 21. Bd4 Nc4 22. Rhe1 Re8 23. Qd3 Qe6 24. Bxf6 Qxf6 25. Nd4 Re7 26. Kg1 Qf7 27. Rac1 Rae8 28. e4 Ne5 29. Qc3 dxe4 30. fxe4 fxe4 31. Bxe4 Nf6 32. Bg2 Neg4 33. Rxe7 Qxe7 34. Qb3+ Qf7 35. Qxf7+ Kxf7 36. h3 Ne3 37. Bf3 Ned5 38. a3 Re3 39. Ra1 Rd3 40. Rd1 Rxa3 41. g4 Nxb4 42. Kf2 Nbd5 43. g5 Nd7 44. Bxd5+ cxd5 45. Nf3 Nxc5 46. Rxd5 Ne4+ 47. Kg2 Ra2+ 48. Kg1 Ke6 49. Re5+ Kd6 50. Rxe4 b5 51. Nd4 b4 52. Re2 Ra1+ 53. Kf2 a5 54. Ke3 a4 55. Rd2 Kc5 56. Rc2+ Kd5 57. Rd2 Kc5 58. Rc2+ Kd5 59. Rd2 Kc5 60. Rc2+ Kd5 61. Rd2 Kc5 62. Ne6+ Kb6 63. Rd6+ Kb7 64. Rd7+ Kc6 65. Rd4 b3 66. Nd8+ Kc7 67. Ne6+ Kc6 68. Nd8+ Kb6 69. Nf7 Kc5 70. Ne5 b2 71. Nd3+ Kc6 72. Nxb2 a3 73. Nd3 Rh1 74. Ra4 Rxh3+ 75. Ke4 Rg3 76. Rxa3 Rxg5 77. Ra6+ Kb7 78. Re6 Rg1 79. Kf3 g5 80. Rg6 g4+ 81. Kf2 Rd1 82. Ne5 Rd2+ 83. Ke3 Rg2 84. Rxg7+ Kb6 85. Nxg4 Kc5 86. Kf3 Ra2 87. Rc7+ Kd6 88. Rc3 Ra6 89. Ne3 Rc6 90. Rd3+ Kc7 91. Ke4 Re6+ 92. Kd4 Rd6+ 93. Nd5+ Kd7 94. Kc4 Rc6+ 95. Kb5 Rd6 96. Kc5 Rc6+ 97. Kd4 Rd6 98. Ke4 Re6+ 99. Kf5 Rd6 100. Rd1 Kc6 101. Ke5 Rh6 102. Ne7+ Kb6 103. Rb1+ Kc5 104. Rc1+ Kb4 105. Nf5 Rh5 106. Ke4 Kb3 107. Rc8 Rh1 108. Nd4+ Kb4 109. Nf3 Kb5 110. Kd4 Rd1+ 111. Ke5 Rh1 112. Nd4+ Kb4 113. Rc2 Rh5+ 114. Nf5 Rg5 115. Kf4 Rg1 116. Ke4 Rg4+ 117. Ke5 Rg1 118. Ne3 Rh1 119. Ke4 Rh4+ 120. Kd3 Rh3 121. Rc8 Rg3 122. Kd4 Rh3 123. Rb8+ Ka3 124. Nd5 Rh4+ 125. Kc5 Rh5 126. Kc4 Rh4+ 127. Kc5 Rh5 128. Rb7 Rg5 129. Kd4 Rg4+ 130. Kd3 Rg3+ 131. Ne3 Rh3 132. Rb8 Rg3 133. Kd4 Rh3 134. Nc4+ Ka4 135. Nd2 Rh4+ 136. Ne4 Rg4 137. Kd5 Rh4 138. Rb1 Rh5+ 139. Kc4 Ka3 140. Rb8 Rh4 141. Kd4 Ka4 142. Kd3 Rh3+ 143. Kc4 Ka3 144. Nf2 Rh4+ 145. Kc3 Ka4 146. Nd3 Rh3 147. Rb7 Ka5 148. Kc4 Rh4+ 149. Kc5 Rh5+ 150. Kd4 Rh4+ 151. Kc3 Rh3 152. Rb8 Ka6 153. Rb1 Ka5 154. Kc4 Rh4+ 155. Kd5 Rh5+ 156. Ne5 Ka4 157. Rb8 Ka3 158. Ke4 Rh4+ 159. Kd3 Rh3+ 160. Ke4 Rh4+ 161. Kd5 Rh5 162. Rb7 Ka2 163. Kd4 Rh4+ 164. Kc5 Rh5 165. Kd5 Ka3 166. Ke4 Rh4+ 1/2-1/2

[Event "RUS-ch blitz (Women)"]
[Site "Sochi"]
[Date "2019.10.17"]
[Round "8"]
[White "Styazhkina, Anna"]
[Black "Samigullina, Diana"]
[Result "1-0"]
[WhiteElo "2280"]
[BlackElo "2161"]
[PlyCount "117"]
[EventDate "2019.10.17"]
[EventType "swiss (blitz)"]
[EventRounds "15"]
[EventCountry "RUS"]
[SourceTitle "CBM 192 Extra"]
[Source "Chessbase"]
[SourceDate "2019.11.06"]
[SourceVersion "1"]
[SourceVersionDate "2019.11.06"]
[SourceQuality "1"]

1. e4 c5 2. Nf3 Nc6 3. d4 cxd4 4. Nxd4 e5 5. Nb5 d6 6. N1c3 a6 7. Na3 b5 8. Nd5 Nf6 9. Bg5 Be7 10. Bxf6 Bxf6 11. c4 b4 12. Nc2 0-0 13. b3 a5 14. a3 bxa3 15. Rxa3 Bg5 16. h4 Bh6 17. g3 Be6 18. Bg2 Ne7 19. Nde3 Bxe3 20. Nxe3 Nc6 21. 0-0 Nd4 22. Nc2 Nc6 23. Qd2 Qc7 24. Rd1 Rfd8 25. Ne3 Rab8 26. Nd5 Bxd5 27. Qxd5 Nd4 28. Rxa5 Ne2+ 29. Kh2 Nc3 30. Qd2 Nxd1 31. Ra1 Nxf2 32. Qxf2 Rxb3 33. Rc1 Rb4 34. c5 dxc5 35. Rxc5 Qe7 36. Qc2 Rbd4 37. Rc7 R4d7 38. Rc5 h6 39. Qc4 Rd4 40. Qb5 f6 41. Bf3 Kh8 42. Bg4 Rxe4 43. Bf5 Red4 44. Qb6 Rd2+ 45. Kh3 Qd6 46. Rc6 Qd5 47. Rxf6 Qh1+ 48. Kg4 R2d4+ 49. Kh5 Qd1+ 50. g4 Qd2 51. Rg6 Rf8 52. Qc5 Rg8 53. Be6 Qf4 54. Qe7 Qf8 55. Qc7 Rf4 56. Bxg8 Qxg8 57. Qxe5 Rf7 58. Rxh6+ Qh7 59. Qe8+ 1-0

[Event "RUS-ch rapid (Women)"]
[Site "Sochi"]
[Date "2019.10.16"]
[Round "8"]
[White "Shafigullina, Zarina"]
[Black "Samigullina, Diana"]
[Result "1/2-1/2"]
[WhiteElo "2295"]
[BlackElo "2161"]
[PlyCount "120"]
[EventDate "2019.10.15"]
[EventType "swiss"]
[EventRounds "11"]
[EventCountry "RUS"]
[SourceTitle "CBM 192 Extra"]
[Source "Chessbase"]
[SourceDate "2019.11.06"]
[SourceVersion "1"]
[SourceVersionDate "2019.11.06"]
[SourceQuality "1"]

1. d4 d5 2. Nf3 Nf6 3. g3 b5 4. Bg2 Bb7 5. Qd3 a6 6. a4 b4 7. 0-0 e6 8. Bg5 h6 9. Bxf6 Qxf6 10. Nbd2 Qf5 11. Qxf5 exf5 12. Ne5 Nd7 13. Nxd7 Kxd7 14. c4 c6 15. Bh3 g6 16. e4 dxe4 17. Nxe4 Kc7 18. Nd2 Bg7 19. Nb3 Rad8 20. Rad1 Rhe8 21. Rd2 Re7 22. Rfd1 Rde8 23. Kf1 Kd6 24. Bg2 h5 25. Na5 Ba8 26. c5+ Kc7 27. Nc4 Rd8 28. Nb6 a5 29. d5 cxd5 30. Bxd5 Bb7 31. Bxb7 Rxd2 32. Rxd2 Kxb7 33. Nc4 Kc6 34. Nxa5+ Kxc5 35. b3 f4 36. Kg2 fxg3 37. hxg3 Bc3 38. Rd8 Kb6 39. Nc4+ Ka7 40. Rd5 Kb7 41. Kf3 Ka7 42. Ra5+ Kb8 43. Rb5+ Ka7 44. Ne3 f6 45. Nd5 Re5 46. Nxb4 Rxb5 47. Nc6+ Kb6 48. axb5 Kxb5 49. Ne7 g5 50. Nd5 Bd4 51. Kg2 h4 52. gxh4 gxh4 53. f3 Kc5 54. Ne7 Be3 55. Nf5 Bg5 56. Kh3 Kb4 57. Nd4 Kc3 58. Ne6 Kxb3 59. Kg4 Kc4 60. f4 Bxf4 1/2-1/2

[Event "RUS-ch rapid (Women)"]
[Site "Sochi"]
[Date "2019.10.15"]
[Round "4"]
[White "Samigullina, Diana"]
[Black "Bivol, Alina"]
[Result "1/2-1/2"]
[WhiteElo "2161"]
[BlackElo "2283"]
[PlyCount "129"]
[EventDate "2019.10.15"]
[EventType "swiss"]
[EventRounds "11"]
[EventCountry "RUS"]
[SourceTitle "CBM 192 Extra"]
[Source "Chessbase"]
[SourceDate "2019.11.06"]
[SourceVersion "1"]
[SourceVersionDate "2019.11.06"]
[SourceQuality "1"]

1. d4 Nf6 2. Nf3 g6 3. Bg5 Bg7 4. Nbd2 d6 5. e4 0-0 6. c3 c5 7. dxc5 dxc5 8. Bc4 h6 9. Be3 Qc7 10. h3 Nh5 11. e5 Bxe5 12. Bxh6 Bg7 13. Bxg7 Kxg7 14. 0-0 Nc6 15. Re1 Nf4 16. Bf1 Bf5 17. Ne4 Rad8 18. Qa4 b6 19. Ng3 Bd3 20. Bxd3 Nxd3 21. Re2 e5 22. Qg4 Rh8 23. Ng5 Qc8 24. Qc4 Qc7 25. Qg4 Nf4 26. Ree1 Qc8 27. Qf3 f6 28. N5e4 Rd3 29. Re3 Rhd8 30. Rae1 c4 31. Ne2 Rxe3 32. fxe3 Nxe2+ 33. Rxe2 Qe6 34. Rf2 f5 35. Ng5 Qd6 36. Rf1 Ne7 37. e4 Rf8 38. Qg3 fxe4 39. Rxf8 Kxf8 40. Nxe4 Qe6 41. Qh4 Ke8 42. Qh8+ Kd7 43. Qb8 a5 44. Kh2 Qc6 45. Qa7+ Ke8 46. Qb8+ Kd7 47. Qa7+ Qc7 48. Nf6+ Kc8 49. Qa8+ Qb8 50. Qe4 b5 51. Nd5 Nf5 52. g4 Nh4 53. Ne7+ Kd7 54. Nxg6 Nxg6 55. Qxg6 b4 56. Qf7+ Kd6 57. Qxc4 bxc3 58. Qxc3 Qb6 59. Kg3 Qg1+ 60. Kh4 Qf2+ 61. Kh5 Qf7+ 62. Kh4 Qf2+ 63. Kh5 Qf7+ 64. Kh4 Qf2+ 65. Kh5 1/2-1/2

[Event "RUS-ch rapid (Women)"]
[Site "Sochi"]
[Date "2019.10.15"]
[Round "5"]
[White "Voit, Daria"]
[Black "Samigullina, Diana"]
[Result "1-0"]
[WhiteElo "2361"]
[BlackElo "2161"]
[PlyCount "147"]
[EventDate "2019.10.15"]
[EventType "swiss"]
[EventRounds "11"]
[EventCountry "RUS"]
[SourceTitle "CBM 192 Extra"]
[Source "Chessbase"]
[SourceDate "2019.11.06"]
[SourceVersion "1"]
[SourceVersionDate "2019.11.06"]
[SourceQuality "1"]

1. d4 d5 2. c4 c6 3. Nf3 Nf6 4. e3 a6 5. Bd3 b5 6. b3 Bg4 7. h3 Bh5 8. 0-0 e6 9. a4 b4 10. Nbd2 Bg6 11. Qc2 Bxd3 12. Qxd3 Be7 13. e4 0-0 14. e5 Nfd7 15. Re1 c5 16. cxd5 exd5 17. e6 fxe6 18. Rxe6 Bf6 19. Bb2 Qc7 20. Rae1 Nc6 21. Qf5 Nb6 22. dxc5 Bxb2 23. cxb6 Qd7 24. Qc2 Nd4 25. Nxd4 Bxd4 26. Nf3 Bc3 27. Re7 Qd6 28. R1e6 Qf4 29. b7 Rad8 30. Rxa6 d4 31. Ne5 d3 32. Nxd3 Qf5 33. Ra8 Rxa8 34. bxa8Q Rxa8 35. Qe2 Rf8 36. Qe6+ Qxe6 37. Rxe6 Rd8 38. Re3 Bd2 39. Rf3 Rc8 40. Kf1 Rc3 41. Ke2 Rc2 42. Kd1 Ra2 43. Ne5 Bc3 44. Nc4 g6 45. h4 Kg7 46. g3 h6 47. g4 Bd4 48. Ke1 Ra1+ 49. Ke2 Ra2+ 50. Kf1 Ra1+ 51. Kg2 Ra2 52. Rf4 Bc3 53. Kf3 Be1 54. Ke3 Bc3 55. h5 gxh5 56. gxh5 Bf6 57. Rf5 Ra1 58. Kd3 Ra2 59. Na5 Bh4 60. f3 Bf6 61. Kc4 Be7 62. Nc6 Rc2+ 63. Kb5 Bd6 64. Nxb4 Rc3 65. Nd5 Rxb3+ 66. Kc6 Bf8 67. a5 Ra3 68. Nc7 Rc3+ 69. Kb7 Rb3+ 70. Nb5 Be7 71. a6 Rd3 72. a7 Rd7+ 73. Kc6 Rd8 74. Nc7 1-0

[Event "RUS-ch U26 (Women)"]
[Site "Saratov"]
[Date "2013.09.29"]
[Round "6"]
[White "Tarasova, Viktoriya"]
[Black "Samigullina, Diana"]
[Result "1-0"]
[WhiteElo "2294"]
[BlackElo "2129"]
[PlyCount "69"]
[EventDate "2013.09.24"]
[EventType "swiss"]
[EventRounds "9"]
[EventCountry "RUS"]
[SourceTitle "EXT 2015"]
[Source "ChessBase"]
[SourceDate "2014.11.20"]
[SourceVersion "1"]
[SourceVersionDate "2014.11.20"]
[SourceQuality "1"]

1. d4 Nf6 2. c4 e6 3. Nc3 Bb4 4. Qc2 b6 5. e4 Bxc3+ 6. bxc3 d6 7. f4 Bb7 8. Bd3 e5 9. fxe5 Nxe4 10. Nf3 f5 11. exf6 Nxf6 12. 0-0 Bxf3 13. Rxf3 0-0 14. Bg5 h6 15. Bxf6 Rxf6 16. Rxf6 Qxf6 17. Be4 c6 18. Rf1 Qe7 19. h3 Nd7 20. Bxc6 Rc8 21. Bd5+ Kh8 22. Rf7 Qe3+ 23. Kh2 Nf6 24. Qf5 Re8 25. Rxf6 gxf6 26. Qxf6+ Kh7 27. Bf7 Rf8 28. Bg6+ Kg8 29. Bh7+ Kxh7 30. Qxf8 Qxc3 31. Qe7+ Kh8 32. Qd8+ Kh7 33. Qc7+ Kh8 34. Qb8+ Kh7 35. Qxa7+ 1-0

[Event "RUS-ch U26 (Women)"]
[Site "Saratov"]
[Date "2013.09.27"]
[Round "4"]
[White "Samigullina, Diana"]
[Black "Markelova, Lubov"]
[Result "1-0"]
[WhiteElo "2129"]
[BlackElo "2115"]
[PlyCount "87"]
[EventDate "2013.09.24"]
[EventType "swiss"]
[EventRounds "9"]
[EventCountry "RUS"]
[SourceTitle "EXT 2015"]
[Source "ChessBase"]
[SourceDate "2014.11.20"]
[SourceVersion "1"]
[SourceVersionDate "2014.11.20"]
[SourceQuality "1"]

1. c4 Nf6 2. Nc3 c6 3. e4 e5 4. Nf3 Qa5 5. d3 Bc5 6. h3 0-0 7. Bg5 d5 8. Bd2 Qc7 9. Be2 dxc4 10. dxc4 a5 11. 0-0 Rd8 12. Qc2 h6 13. Na4 Na6 14. Bc3 Bd4 15. c5 Bxc3 16. bxc3 Be6 17. Nb6 Ra7 18. Bxa6 Rxa6 19. Rfd1 Rxd1+ 20. Rxd1 Qe7 21. Nxe5 Qxc5 22. Rd8+ Kh7 23. Ned7 Nxd7 24. e5+ g6 25. Nxd7 Bxd7 26. Rxd7 Qc4 27. Rxb7 a4 28. Rb4 Qd5 29. Rxa4 Rb6 30. Re4 c5 31. c4 Qb7 32. Re2 Qb8 33. Qd3 Re6 34. Qd5 Qb6 35. Kh2 Qb4 36. f4 Qa3 37. Qe4 Qb4 38. Rf2 Qc3 39. Rf3 Qb2 40. Qd5 Qxa2 41. Qxc5 Qa6 42. Qf8 Qb7 43. f5 Qe7 44. fxg6+ 1-0

[Event "Satka Autumn op (Women)"]
[Site "Satka"]
[Date "2013.09.10"]
[Round "8"]
[White "Krotiuk, Daria"]
[Black "Samigullina, Diana"]
[Result "0-1"]
[WhiteElo "1907"]
[BlackElo "2129"]
[PlyCount "50"]
[EventDate "2013.09.03"]
[EventType "swiss"]
[EventRounds "9"]
[EventCountry "RUS"]
[SourceTitle "CBM 156 Extra"]
[Source "ChessBase"]
[SourceDate "2013.10.22"]
[SourceVersion "1"]
[SourceVersionDate "2013.10.22"]
[SourceQuality "1"]

1. e4 g6 2. d4 Bg7 3. f4 d6 4. Nf3 c5 5. Nc3 cxd4 6. Nxd4 Nc6 7. Be3 Nf6 8. Be2 Bd7 9. h3 Qa5 10. 0-0 0-0 11. Bf3 Nxd4 12. Bxd4 e5 13. Be3 exf4 14. Bxf4 Qb6+ 15. Kh1 Qxb2 16. Nd5 Nxd5 17. Qxd5 Be6 18. Qxd6 Rfd8 19. Rab1 Qf6 20. Qc7 Rac8 21. Qxb7 Qxf4 22. Bg4 Qe5 23. Rb5 Rb8 24. Rxe5 Rxb7 25. Ra5 Bc4 0-1

[Event "Satka Autumn op (Women)"]
[Site "Satka"]
[Date "2013.09.08"]
[Round "6"]
[White "Ubiennykh, Ekaterina"]
[Black "Samigullina, Diana"]
[Result "1-0"]
[WhiteElo "2343"]
[BlackElo "2129"]
[PlyCount "107"]
[EventDate "2013.09.03"]
[EventType "swiss"]
[EventRounds "9"]
[EventCountry "RUS"]
[SourceTitle "CBM 156 Extra"]
[Source "ChessBase"]
[SourceDate "2013.10.22"]
[SourceVersion "1"]
[SourceVersionDate "2013.10.22"]
[SourceQuality "1"]

1. e4 c6 2. d4 d5 3. e5 Bf5 4. Nf3 e6 5. Be2 Ne7 6. 0-0 Nd7 7. Nbd2 c5 8. c4 cxd4 9. Nxd4 Nxe5 10. cxd5 Qxd5 11. Qa4+ N7c6 12. N2f3 Be4 13. Rd1 Bxf3 14. Nxc6 Qxc6 15. Bb5 Bxd1 16. Bxc6+ Nxc6 17. Qxd1 Rd8 18. Qb3 Bc5 19. Be3 Bxe3 20. Qxb7 Bb6 21. Qxc6+ Ke7 22. Qc3 f6 23. a4 e5 24. a5 Bd4 25. Qb4+ Ke6 26. Qb3+ Ke7 27. Rc1 Rd7 28. g3 Rhd8 29. Rc6 Kf8 30. Qc4 f5 31. Kg2 f4 32. Rc7 fxg3 33. hxg3 Rxc7 34. Qxc7 Re8 35. b4 Re7 36. Qd8+ Re8 37. Qd6+ Kf7 38. b5 Re6 39. Qd7+ Kf6 40. b6 Bxb6 41. axb6 axb6 42. Kf3 h5 43. Ke4 b5 44. Qxb5 Kg6 45. Qd3 Kh6 46. Kf5 Rf6+ 47. Kxe5 Rg6 48. f4 Rf6 49. Qd8 Kg6 50. Qe8+ Kh6 51. f5 Kg5 52. Qd8 Kg4 53. Qd1+ Kxg3 54. Qxh5 1-0

[Event "Satka Autumn op (Women)"]
[Site "Satka"]
[Date "2013.09.05"]
[Round "3"]
[White "Samigullina, Diana"]
[Black "Nebolsina, Vera"]
[Result "1/2-1/2"]
[WhiteElo "2129"]
[BlackElo "2267"]
[PlyCount "58"]
[EventDate "2013.09.03"]
[EventType "swiss"]
[EventRounds "9"]
[EventCountry "RUS"]
[SourceTitle "CBM 156 Extra"]
[Source "ChessBase"]
[SourceDate "2013.10.22"]
[SourceVersion "1"]
[SourceVersionDate "2013.10.22"]
[SourceQuality "1"]

1. d4 d5 2. c4 c6 3. Nc3 Nf6 4. e3 e6 5. Nf3 Nbd7 6. Qc2 b6 7. e4 dxe4 8. Nxe4 Bb7 9. Nxf6+ Nxf6 10. Be2 c5 11. 0-0 Qc7 12. dxc5 bxc5 13. b3 Ng4 14. h3 h5 15. Rd1 Bd6 16. Bg5 Bh2+ 17. Kf1 Be5 18. Nxe5 Qxe5 19. Bxg4 hxg4 20. Qd2 Qc7 21. hxg4 f6 22. Be3 Ke7 23. Bxc5+ Qxc5 24. Qd7+ Kf8 25. Qxb7 Rh1+ 26. Ke2 Qe5+ 27. Kf3 Qc3+ 28. Ke2 Qe5+ 29. Kf3 Qc3+ 1/2-1/2

[Event "Perm op-A 01"]
[Site "Perm"]
[Date "2010.01.06"]
[Round "3"]
[White "Samigullina, Diana"]
[Black "Goldshtein, Grigory"]
[Result "0-1"]
[WhiteElo "2067"]
[BlackElo "2085"]
[PlyCount "90"]
[EventDate "2010.01.04"]
[EventType "swiss"]
[EventRounds "9"]
[EventCountry "RUS"]
[SourceTitle "EXT 2012"]
[Source "ChessBase"]
[SourceDate "2011.11.24"]
[SourceVersion "1"]
[SourceVersionDate "2011.11.24"]
[SourceQuality "1"]

1. e4 c5 2. Nf3 Nc6 3. d4 cxd4 4. Nxd4 g6 5. Be3 Bg7 6. Qd2 Nf6 7. f3 0-0 8. Nc3 d5 9. Nxc6 bxc6 10. e5 Nd7 11. f4 e6 12. Be2 c5 13. Bf2 Bb7 14. 0-0 a6 15. Bf3 Qc7 16. Rfe1 Nb6 17. b3 Rfe8 18. Bg3 Rad8 19. Bh4 Rd7 20. Nd1 Rc8 21. Qf2 d4 22. Bxb7 Qxb7 23. Qg3 c4 24. Nf2 cxb3 25. axb3 Rc3 26. Qg4 Nd5 27. Ne4 Rxc2 28. Qd1 Rb2 29. Qxd4 Rxg2+ 30. Kh1 Nxf4 31. Qe3 Rdd2 32. Qxf4 Rxh2+ 33. Qxh2 Rxh2+ 34. Kxh2 Bxe5+ 35. Ng3 Bxa1 36. Rxa1 Kg7 37. Rf1 f5 38. Rg1 Qxb3 39. Nh5+ Kf7 40. Ng3 h6 41. Nf1 g5 42. Bf2 f4 43. Kg2 g4 44. Rh1 Qf3+ 45. Kg1 g3 0-1

[Event "Perm op-A 01"]
[Site "Perm"]
[Date "2010.01.04"]
[Round "1"]
[White "Samigullina, Diana"]
[Black "Tatarinov, Dmitry"]
[Result "1/2-1/2"]
[WhiteElo "1753"]
[BlackElo "2085"]
[PlyCount "24"]
[EventDate "2010.01.04"]
[EventType "swiss"]
[EventRounds "9"]
[EventCountry "RUS"]
[SourceTitle "EXT 2012"]
[Source "ChessBase"]
[SourceDate "2011.11.24"]
[SourceVersion "1"]
[SourceVersionDate "2011.11.24"]
[SourceQuality "1"]

1. d4 d5 2. c4 e6 3. Nc3 Nf6 4. cxd5 exd5 5. Bg5 c6 6. Qc2 Be7 7. e3 0-0 8. Bd3 Nbd7 9. a3 Re8 10. Nge2 Ne4 11. Bf4 Nef6 12. Bg5 Nf8 1/2-1/2

[Event "Wch U14 Girls"]
[Site "Kemer"]
[Date "2009.11.19"]
[Round "8"]
[White "Saduakassova, Dinara"]
[Black "Samigullina, Diana"]
[Result "1-0"]
[WhiteElo "2084"]
[BlackElo "2173"]
[PlyCount "83"]
[EventDate "2009.11.12"]
[EventType "swiss"]
[EventRounds "11"]
[EventCountry "TUR"]
[SourceTitle "EXT 2010"]
[Source "ChessBase"]
[SourceDate "2010.11.25"]
[SourceVersion "1"]
[SourceVersionDate "2010.11.25"]
[SourceQuality "1"]

1. e4 c6 2. c4 d5 3. exd5 cxd5 4. cxd5 Nf6 5. Qa4+ Nbd7 6. Nc3 g6 7. Nf3 Bg7 8. Bc4 0-0 9. d3 a6 10. Qa3 Qc7 11. 0-0 Rb8 12. Qxe7 b5 13. Bb3 b4 14. Ne4 Nxe4 15. Qxe4 Qa5 16. Bf4 Rb5 17. Bc4 Nf6 18. Qe2 Nxd5 19. Bd6 Rd8 20. Bxb5 Qxb5 21. Bg3 Bf5 22. Rfd1 Nb6 23. Bc7 Rxd3 24. Rxd3 Bxd3 25. Qe7 Nd7 26. Qe8+ Nf8 27. Qxb5 Bxb5 28. Be5 f6 29. Bd6 a5 30. Nd4 Bd7 31. Re1 g5 32. b3 Kf7 33. Rc1 f5 34. Nc6 Bb2 35. Rc2 Bc3 36. Ne5+ Ke6 37. Nxd7 Nxd7 38. Bc7 Ne5 39. Bxa5 Nc6 40. Bxb4 Nxb4 41. Rxc3 Kd5 42. Rc4 1-0

[Event "Wch U14 Girls"]
[Site "Kemer"]
[Date "2009.11.16"]
[Round "5"]
[White "Samigullina, Diana"]
[Black "Guo, Emma"]
[Result "1-0"]
[WhiteElo "2173"]
[BlackElo "1910"]
[PlyCount "49"]
[EventDate "2009.11.12"]
[EventType "swiss"]
[EventRounds "11"]
[EventCountry "TUR"]
[SourceTitle "EXT 2010"]
[Source "ChessBase"]
[SourceDate "2010.11.25"]
[SourceVersion "1"]
[SourceVersionDate "2010.11.25"]
[SourceQuality "1"]

1. d4 Nf6 2. c4 c5 3. d5 b5 4. cxb5 a6 5. bxa6 g6 6. g3 Bxa6 7. Bg2 d6 8. Nc3 Bg7 9. Nf3 0-0 10. 0-0 Nbd7 11. Rb1 Qb6 12. b3 Rfb8 13. Bb2 Qb4 14. h3 Ng4 15. Qc2 Nge5 16. Nd2 c4 17. f4 cxb3 18. axb3 Qd4+ 19. Kh2 Nd3 20. Nf3 Qb4 21. exd3 Rc8 22. Rbc1 Nc5 23. Na2 Qb7 24. Bxg7 Nxd3 25. Bc3 1-0

[Event "Wch U14 Girls"]
[Site "Kemer"]
[Date "2009.11.16"]
[Round "6"]
[White "Samigullina, Diana"]
[Black "Iwanow, Anna"]
[Result "1-0"]
[WhiteElo "2173"]
[BlackElo "2026"]
[PlyCount "62"]
[EventDate "2009.11.12"]
[EventType "swiss"]
[EventRounds "11"]
[EventCountry "TUR"]
[SourceTitle "EXT 2010"]
[Source "ChessBase"]
[SourceDate "2010.11.25"]
[SourceVersion "1"]
[SourceVersionDate "2010.11.25"]
[SourceQuality "1"]

1. d4 Nf6 2. Nf3 g6 3. Bg5 Bg7 4. Nbd2 0-0 5. e4 d6 6. c3 h6 7. Bh4 Nbd7 8. Bc4 c6 9. Bb3 e5 10. 0-0 Re8 11. Nc4 Qc7 12. dxe5 dxe5 13. Nd6 Rf8 14. Qd2 Nc5 15. Bxf6 Bxf6 16. Nxc8 Qxc8 17. Qxh6 Qg4 18. Rfe1 Bg7 19. Qe3 Nd7 20. Rad1 Nb6 21. a4 Rad8 22. h3 Qf4 23. Qxf4 exf4 24. a5 Nd7 25. e5 Nc5 26. Bc4 Rxd1 27. Rxd1 Re8 28. b4 Ne4 29. Rd7 Rb8 30. a6 bxa6 31. Bxf7+ Kh7 1-0

[Event "Wch U14 Girls"]
[Site "Kemer"]
[Date "2009.11.13"]
[Round "3"]
[White "Samigullina, Diana"]
[Black "Pratyusha, Bodda"]
[Result "0-1"]
[WhiteElo "2173"]
[BlackElo "2001"]
[PlyCount "94"]
[EventDate "2009.11.12"]
[EventType "swiss"]
[EventRounds "11"]
[EventCountry "TUR"]
[SourceTitle "EXT 2010"]
[Source "ChessBase"]
[SourceDate "2010.11.25"]
[SourceVersion "1"]
[SourceVersionDate "2010.11.25"]
[SourceQuality "1"]

1. d4 d5 2. c4 c6 3. Nc3 Nf6 4. e3 e6 5. Nf3 Nbd7 6. Bd3 dxc4 7. Bxc4 b5 8. Bd3 Bb7 9. a3 a6 10. b4 Bd6 11. Ne4 Nxe4 12. Bxe4 a5 13. Bd2 axb4 14. axb4 Nf6 15. Bd3 Qe7 16. Rxa8+ Bxa8 17. Qa1 0-0 18. Qb1 h6 19. e4 e5 20. 0-0 Re8 21. Rc1 exd4 22. e5 Bxe5 23. Re1 Qd6 24. Qa2 Bb7 25. Bg6 Nd5 26. Qa7 fxg6 27. Qxb7 Re7 28. Qc8+ Kh7 29. Ra1 Nf6 30. Rc1 Rc7 31. Qh3 Ne4 32. Be1 Bf6 33. Qg4 Nc3 34. Nxd4 h5 35. Qf3 Bxd4 36. Bxc3 Bxc3 37. Qxc3 Re7 38. h3 Re4 39. Qc5 Qd2 40. Qxc6 Re1+ 41. Rxe1 Qxe1+ 42. Kh2 Qxb4 43. g3 Qc4 44. Qb6 b4 45. f4 Qc2+ 46. Kg1 b3 47. g4 b2 0-1

[Event "Wch U14 Girls"]
[Site "Kemer"]
[Date "2009.11.12"]
[Round "1"]
[White "Samigullina, Diana"]
[Black "Birgelir, Melisa"]
[Result "1-0"]
[WhiteElo "2173"]
[BlackElo "1816"]
[PlyCount "59"]
[EventDate "2009.11.12"]
[EventType "swiss"]
[EventRounds "11"]
[EventCountry "TUR"]
[SourceTitle "EXT 2010"]
[Source "ChessBase"]
[SourceDate "2010.11.25"]
[SourceVersion "1"]
[SourceVersionDate "2010.11.25"]
[SourceQuality "1"]

1. d4 e6 2. c4 d5 3. Nc3 Nf6 4. cxd5 exd5 5. Bg5 c6 6. Qc2 Be6 7. e3 Nbd7 8. Bd3 Be7 9. Nge2 Nf8 10. 0-0 Ng6 11. f3 Nh5 12. Bxe7 Qxe7 13. e4 Qd7 14. Qd2 Nf6 15. e5 Ng8 16. f4 N6e7 17. Nd1 Bf5 18. Ne3 Nh6 19. Ng3 Bxd3 20. Qxd3 0-0-0 21. f5 Rdf8 22. Nh5 Nexf5 23. Nxf5 Nxf5 24. Qxf5 Qxf5 25. Rxf5 g6 26. Rf6 gxh5 27. Raf1 Re8 28. Rxf7 Re6 29. Rg7 Rhe8 30. Rff7 1-0